000
00268nam a22001217a 4500
999
_c
12880
_d
12880
020
_a
9789694481760
082
_a
338.009
100
_a
Fasih uddin
245
_a
Pakistan's Economic Journey
260
_a
Pakistan
_b
IPS Press
_c
2018
300
_a
272 pages
942
_c
BK